|
|
|
|
| LEADER |
01006nam a2200229 a 4500 |
| 001 |
GR-MES13257 |
| 008 |
070928s gr b 000 0 gre d |
| 020 |
|
|
|a 9602867302
|
| 040 |
|
|
|a GrPaTEI
|b gre
|c GR-PaULI
|
| 040 |
|
|
|a GrPaTEI
|b gre
|c GR-PaULI
|
| 082 |
|
0 |
|a 658
|
| 100 |
1 |
|
|a Λάος, Νικόλαος Κ.,
|d 1974-
|
| 245 |
1 |
0 |
|a Θεμέλια επιστημονικής διοίκησης επιχειρήσεων /
|c Νικόλαος Κ. Λάος.
|
| 260 |
|
|
|a Αθήνα :
|b Έλλην,
|c 2003
|
| 300 |
|
|
|a 102σ. ;
|c 21εκ.
|
| 504 |
|
|
|a Περιλαμβάνει βιβλιογραφία.
|
| 650 |
|
4 |
|a ΒΙΟΜΗΧΑΝΙΚΟ ΜΑΝΑΤΖΜΕΝΤ
|
| 650 |
|
4 |
|a Διοίκηση και οργάνωση
|
| 942 |
|
|
|2 ddc
|
| 952 |
|
|
|0 0
|1 0
|2 ddc
|4 0
|6 658_000000000000000_ΛΑΟ
|7 0
|9 271768
|a MSLG
|b MSLG
|c BSC
|d 2021-01-17
|e 24
|f 0
|g 0.00
|l 0
|o 658 ΛΑΟ
|p 2420000022600
|r 2021-01-17 00:00:00
|t 1
|w 2021-01-17
|y BK15
|x 20070928 0 ΜΑΤΣΙΩΡΗ 1
|x GrPaTEI
|
| 971 |
|
|
|a .b25793056
|b 01-10-20
|c 13-09-16
|
| 999 |
|
|
|c 157040
|d 157040
|